书目信息 |
| 题名: |
中共唐山年鉴
|
|
| 作者: | ;中共唐山年鉴编纂委员会 编 | |
| 分册: | 2002年卷 | |
| 出版信息: | 北京 中央文献出版社 2003.09 |
|
| 页数: | 415页 | |
| 开本: | 24cm | |
| 丛书名: | ||
| 单 册: | ||
| 中图分类: | D235.223-54 | |
| 科图分类: | ||
| 主题词: | 中国共产党 | |
| 电子资源: | ||
| ISBN: | 978-7-5073-1443-4 | |
| 000 | 00710nam0 2200181 450 | |
| 001 | 202411011254730936 | |
| 005 | 20241101100030.80 | |
| 010 | @a978-7-5073-1443-4@d¥152.00 | |
| 100 | @a20241101d km y0chiy0120 ea | |
| 101 | 0 | @achi |
| 200 | 1 | @a中共唐山年鉴@AZhong Gong Tang Shan Nian Jian@h2002年卷@f中共唐山年鉴编纂委员会编@FZhong Gong Tang Shan Nian Jian Bian Zuan Wei Yuan Hui Bian |
| 210 | @a北京@c中央文献出版社@d2003.09 | |
| 215 | @a415页@d24cm | |
| 606 | 0 | @a中国共产党 |
| 690 | @aD235.223-54@v4 | |
| 711 | 02 | @a中共唐山年鉴编纂委员会@AZhong Gong Tang Shan Nian Jian Bian Zuan Wei Yuan Hui@4编 |
| 801 | 0 | @aCN@b大连网信软件有限公司图书馆·11@c20241101 |
| 905 | @aZUCC@b275113244@dD235.223-54@e315:2002@f1 | |
| 中共唐山年鉴.2002年卷/中共唐山年鉴编纂委员会编.-北京:中央文献出版社,2003.09 |
| 415页;24cm |
| ISBN 978-7-5073-1443-4:¥152.00 |
| ● |
| 相关链接 |
|
|
|
|
正题名:中共唐山年鉴
索取号:D235.223-54/315:2002
 
预约/预借
| 序号 | 登录号 | 条形码 | 馆藏地/架位号 | 状态 | 备注 |